Como aprender a redactar /
Guardado en:
| Autor Principal: | |
|---|---|
| Formato: | Libro |
| Publicado: |
Buenos Aires :
Huemul,
1974
|
| Edición: | 6a. ed. |
| Materias: | |
| Etiquetas: |
Agregar Etiqueta
Sin Etiquetas, Sea el primero en etiquetar este registro!
|
| LEADER | 00877nam a22002415a 4500 | ||
|---|---|---|---|
| 001 | CEM.cems001364 | ||
| 005 | 20060214000000.0 | ||
| 008 | 130507s1974##################000#0#####d | ||
| 003 | CEMS | ||
| 082 | 0 | 4 | |a 468.2 |
| 100 | 1 | |a Camilli, Ernesto | |
| 245 | 1 | 0 | |a Como aprender a redactar / |c Ernesto Camilli |
| 250 | |a 6a. ed. | ||
| 260 | |a Buenos Aires : |b Huemul, |c 1974 | ||
| 300 | |a 109 p. | ||
| 653 | |a Lengua | ||
| 653 | |a Redaccion | ||
| 859 | |a CEMS |b BIB. CEMS - 11 de abril |h 468.2 |i C146-1a6 |p 7250.79 |t Ej.1 | ||
| 859 | |a CEMS |b BIB. CEMS - 11 de abril |h 468.2 |i C146-1a6 |p 7292.80 |t Ej.2 | ||
| 859 | |a CEMS |b BIB. CEMS - 11 de abril |h 468.2 |i C146-1a6 |p 7293.80 |t Ej.3 | ||
| 859 | |a CEMS |b BIB. CEMS - 11 de abril |h 468.2 |i C146-1a6 |p 7294.80 |t Ej.4 | ||
| 859 | |a CEMS |b BIB. CEMS - 11 de abril |h 468.2 |i C146-1a6 |p 7295.80 |t Ej.5 | ||
| 859 | |a CEMS |b BIB. CEMS - 11 de abril |h 468.2 |i C146-1a6 |p 7296.80 |t Ej.6 | ||
